Responses for show #8252 - Tuesday, October 6, 2020

Contestants

[<< previous game]

Mandy Friel, a project specialist from Camarillo, California

Claire-Marie Murphy, a film advertising executive from Los Angeles, California

Garrett Marcotte, a software engineer from Santa Monica, California (whose 1-day cash winnings total $14,000)

[next game >>]

Jeopardy! Round responses

TALKING FRONT OFFICE BASEBALL
WORDS AT THEIR FINAL RESTING PLACES
ADD A VOWEL
(Alex: Each correct response will be two words.)
POTENT PORTMANTEAU
YES WE "CAN"
KEN JENNINGS KNOWS MOUNTAIN G.O.A.T.s
(Ken: You got your four-footed goats, your "Greatest of All Time" GOATs, and some amazing human beings who combined the two. Clues about mountain GOATs and what they accomplished way up there.)
    $200 16
Harriet Tubman

Garrett
    $200 3
(Garrett: What is carbonate?)

freeze

GarrettMandy
    $200 11
a canary

Mandy
    $200 1
Edmund Hillary

Garrett
    $400 20
(Mandy: Who is Alex Rodriguez?)

Derek Jeter

GarrettMandy
    $400 24
(Louis) Armstrong

Garrett
    $400 28
[The end-of-round signal sounds.]

sever & severe

Garrett
    $400 4
Jägermeister

Claire-Marie
    $400 12
canola

Garrett
    $400 2
the Matterhorn

Claire-Marie
    $600 19
Bernie Madoff

Claire-Marie
    $2,000 23
(Alex: [Prior to the wager] We have less than a minute now.)

Rosa Parks

Claire-Marie
    $600 27
brain & bran

Mandy
    $600 5
horchata

Mandy
    $600 14
(Claire-Marie: What is suspension?)
(Garrett: What is cantilever?)
[Alex says nothing.]
(Garrett: [*]?)
(Alex: Yes, that's right.)

cantilevered

GarrettClaire-Marie
    $600 10
(Alex: And if you see me looking over my shoulder just now--yeah, Ken did a really good job there.)
[Laughter]

Yosemite

Mandy
    $800 18
the (Atlanta) Braves

Garrett
    $800 22
(Garrett: Who is Doc Holliday?)

Wyatt Earp

Garrett
Triple Stumper
    $800 26
ram & roam

Claire-Marie
    $800 6
an appletini

Triple Stumper
    $800 15
(Alex: You got it this time; you remembered that "C-A-N" had to come up in each correct response.)

a candy striper

Claire-Marie
    $800 9
Denali (Mount McKinley)

Garrett
    $1000 17
Branch Rickey

Garrett
    $1000 21
(Ernest) Shackleton

Claire-Marie
    $1000 25
paper & pauper

Garrett
    $1000 7
Mexico

Garrett
    $1000 13
the Canticles

Mandy
    $1000 8
Mount Logan

Triple Stumper

Scores at the first commercial break (after clue 15):

Garrett Claire-Marie Mandy
$2,800 $1,000 $2,600

Scores at the end of the Jeopardy! Round:

Garrett Claire-Marie Mandy
$6,200 $5,400 $2,800

Double Jeopardy! Round responses

HISTORICAL HODGEPODGE
1990s BEST PICTURE BY TAGLINE
(Alex: We're talking about Academy Award best pictures.)
ENZYMES & AMINO ACIDS
SPEED READING
RELIGION
CORPORATE LINGO
    $400 6
the deutschmark

Garrett
    $400 1
Schindler's List

Claire-Marie
    $400 25
a koala

Claire-Marie
    $400 12
grace

Mandy
    $400 17
touch base

Triple Stumper
    $800 24
(Alex: Yes, with less than a minute now.)

Sacagawea

Mandy
    $800 2
Dances with Wolves

Claire-Marie
    $800 23
Unsafe

Garrett
    $800 13
(Mandy: What are the Five Pillars?)
(Garrett: What is the hadith?)

sharia

GarrettMandy
Triple Stumper
    $800 18
an ecosystem

Garrett
    $1200 22
Jesse James

Garrett
    $1200 3
Shakespeare in Love

Garrett
    $1200 28
[The end-of-round signal sounds.]

curd

Claire-Marie
    $4,000 10
Rush

Garrett
    $1200 14
Baháʼí

Triple Stumper
    $1200 19
move the needle

Triple Stumper
    $1600 8
Constantinople

Garrett
    $1600 4
[NOTE: Mandy did not include the first "The".]

The Silence of the Lambs

Mandy
    $1600 26
MSG

Claire-Marie
    $1600 9
Khartoum

Garrett
    $1600 15
sutras

Garrett
    $1600 20
bleeding edge

Garrett
    $2000 7
Shah Jahan

Triple Stumper
    $1,500 5
(Mandy: What is Natural Born Killers?)
...
(Alex: The western with Morgan Freeman and Clint Eastwood.)

Unforgiven

Mandy
    $2000 27
(Garrett: What is mitochondrial?)

messenger

Garrett
Triple Stumper
    $2000 11
Cedar Bend

Triple Stumper
    $2000 16
Maundy Thursday

Claire-Marie
    $2000 21
scalable

Claire-Marie

Scores at the end of the Double Jeopardy! Round:

Garrett Claire-Marie Mandy
$18,200 $13,800 $3,300

[wagering suggestions for these scores]

Final Jeopardy! Round responses

GEOGRAPHY FUN
MandyWhat is Algeria?
$3,300
Claire-MarieWhat is Australia?
$13,000
GarrettWhat is Australia?
$9,500
Australia

Final scores:

Garrett Claire-Marie Mandy
$27,700 $26,800 $0
2-day champion: $41,700 2nd place: $2,000 3rd place: $1,000

Game dynamics:

Coryat scores:

Garrett Claire-Marie Mandy
$15,400 $12,400 $4,800
22 R
(including 1 DD),
4 W
14 R
(including 1 DD),
1 W
9 R,
3 W
(including 1 DD)

Combined Coryat: $32,600

The J! Archive is created by fans, for fans. The Jeopardy! game show and all elements thereof, including but not limited to copyright and trademark thereto, are the property of Jeopardy Productions, Inc. and are protected under law. This website is not affiliated with, sponsored by, or operated by Jeopardy Productions, Inc. Join the discussion at JBoard.tv.